01421nam a22001817a 4500008004100000020005200041020003600093050002000129245014800149260007900297300001800376490003500394500003100429505063300460650004701093651006001140700003901200160819s2006 mx ||||| |||| 00| 0 spa d a9789681211066 (Colegio de México : rústico) a9789681681517 (FCE : rústico) 4aF1210bH57 200600aHistoria de la vida cotidiana en Méxicob: Tomo V : volumen 2. Siglo XX. La imagen, ¿espejo de la vida?c/ Aurelio de los Reyes, coordinador3 aMéxicob: El Colegio de México ; Fondo de Cultura Económicac, 2006 a361 páginas0 aSección de Obras de Historia aCuarta reimpresión, 20140 aLa ciudad de México en los albores del siglo XX La historieta, mirilla de la vida cotidiana en la CIudad de México (1904-1940) Imágenes y representaciones de la niñez en México a principios del siglo XX Casa, vestido y sustento. Cultura material en anuncios de la prensa ilustrada (1894-1939) De la tecnología al orden doméstico en el México de la posguerra Fotografías de la educación cotidiana en la posrevolución Momentos y modelos en la vida diaria. El fotoperiodismo en algunas fotografías de la Ciudad de México, 1940-1960 Crimen y castigo: la disfunción social en el México posrevolucionario14aETNOLOGÍAvMÉXICO - CIUDAD DE MÉXICO24aCIUDAD DE MÉXICO (MÉXICO)vVIDA SOCIAL Y COSTUMBRES ade los Reyes, Aurelioecoordinador